| 000 | 00675nam a2200217 a 4500 | ||
|---|---|---|---|
| 001 | BRL_134 | ||
| 005 | 20190320210614.0 | ||
| 008 | 760116s1958 gw-a#####b---#000-0bger-ccOSWdOCoLC | ||
| 050 | 4 |
_aND588 _b.H34 1958 |
|
| 100 | 1 |
_aHaftmann, Werner _923003 |
|
| 245 | 1 | 0 |
_aEmil Nolde _cvon Werner Haftmann ; Hrsg. von der Stiftung Seebèull Ada und Emil Nolde. |
| 260 |
_aColonia _bM. DuMont Schauberg Köln _c1958 |
||
| 300 |
_a140 p. _bil. a color _c33 cm. |
||
| 500 | _aAu172 | ||
| 504 | _aBibliografía: p. 139 | ||
| 600 | 1 | 4 |
_aNolde, Emil _d1867-1956 _923004 |
| 700 | 1 |
_aSeebèull Ada, Stiftung _923005 |
|
| 700 | 1 |
_aNolde, Emil _923006 |
|
| 902 | _aGRL | ||
| 942 |
_2lcc _cB |
||
| 999 |
_c8947 _d8947 |
||